000 01573nam a2200397 i 4500
001 000015191
003 DO-SdBNP
005 20240507152434.0
007 ta
008 100203s2004 dr ac 001 0 spa d
020 _a9993497452
040 _aDO-SdBNP
_bspa
_cBNPHU
_erda
082 4 _a972.93053
_bM425m, 2004
_222
100 1 _aMateo, Andrés L.,
_d 1946-
_9776
_eautor
245 1 0 _aMito y cultura en la era de Trujillo /
_cAndrés L. Mateo ; corrección de estilo, Nicolás Flores
250 _asegunda edición corregida
264 _aSanto Domingo :
_bManatí,
_c2004.
300 _a217 páginas :
_bilustraciones, retratos ;
_c23 cm.
336 _2rrdacontent
_atexto
_btxt
337 _2rdamedia
_asin mediación
_bn
338 _2rdacarrier
_avolumen
_bnc
500 _aIncluye referencias bibliográficas y notas al pie de las páginas e índice onomástico
500 _aIncluye datos biográficos del autor en la solapa de la cubierta
504 _aBibliografía : p. 205-212
590 _aInventariado, 2024/BT
650 4 _aIntelectuales
_zRepública Dominicana
_xAspectos sociales
_934414
650 4 _aIntelectuales
_zRepública Dominicana
_91721
650 4 _aIntelectuales
_xActividad política
_934415
650 4 _aPolítica y cultura
_98455
650 4 _aPolítica y literatura
_98963
650 4 _aCultura
_zRepública Dominicana
_91983
651 4 _aRepública Dominicana
_xAspectos Culturales
_934416
700 _aFlores, Nicolás,
_ecorrección de estilo
_985402
910 _aValidado. Control de calidad MMOLINA
942 _2ddc
_cLBS1
999 _c14762
_d14762